000 00549nam a2200193Ia 4500
005 20250508164825.0
008 008 250505s9999 xx 000 0 eng d
037 _aDissertations
040 _aFEDL
_beng
_cFEDL
041 _aeng
_2eng
084 _a155.4, VIN/DI
_qFEDL
100 _aVinod R
_9775584
245 0 _aMale adolescent identity : A psycho-social perspective
260 _c2000
300 _a359p.
546 _aM.Phil Dissertation, (Delhi University
942 _cDIS
_h155.4, VIN/DI
999 _c1391410
_d1391410